Name That (Cancelled) Show Quiz Stats

 Plays Quiz Updated Nov 12, 2018

Support Sporcle.
Go Orange.
Score 0/17 Timer 06:00
1 Play Today
Characters Show % Correct
James T. Kirk, Spock, Leonard 'Bones' McCoyStar Trek
95.8%
Malcolm Reynolds, Zoe Washburne, River TamFirefly
25.6%
Lucius Vorenus, Titus Pullo, Mark AntonyRome
19.4%
Lindsay Weir, Daniel Desario, Nick AndopolisFreaks and Geeks
17.5%
Ned, Charlotte Charles, Emerson CodPushing Daisies
17.4%
Angela Chase, Patty Chase, Jordan CatalanoMy So-Called Life
17.3%
Duncan Kane, Logan Echolls, Eli 'Weevil' NavarroVeronica Mars
11.9%
Joan Girardi, Adam Rove, Grace PolkJoan of Arcadia
9.4%
Seth Bullock, Al Swearengen, Alma GarretDeadwood
9.3%
Characters Show % Correct
Liz Parker, Max Evans, Isabel EvansRoswell
8.8%
Dan Rydell, Casey McCall, Dana WhitakerSports Night
7.7%
George Lass, Rube Sofer, Daisy Adair Dead Like Me
7.2%
Charlie Crews, Dani Reese, Ted EarleyLife
6.8%
Max Guevara, Logan Cale, Donald LydeckerDark Angel
5%
Jake Green, Robert Hawkins, Mimi ClarkJericho
4.7%
Jaye Tyler, Eric Gotts, Mahandra McGintyWonderfalls
3.4%
Ray Hechler, Tom Turcotte, Joel StevensBoomtown
1%

From the Vault

MLB Single Season Hits Leaders

by ShabamShabam

Sports 12m
You just could not stop these guys from getting on base.
Remove Ads.
Support Sporcle.
Get the best of Sporcle when you Go Orange. This ad-free experience offers more features, more stats, and more fun while also helping to support Sporcle. Thank you for becoming a member.

Show Comments

Extras

Top Quizzes Today


Score Distribution

Your Account Isn't Verified!

In order to create a playlist on Sporcle, you need to verify the email address you used during registration. Go to your Sporcle Settings to finish the process.

Report this User

Report this user for behavior that violates our Community Guidelines.

Details: